[Event "World Junior Chess Championship U18 b"]
[Site "Gaziantep"]
[Date "2008.08.05"]
[Round "4.23"]
[White "Lortkipanidze, Nodar"]
[Black "Ragger, Markus"]
[Result "1/2-1/2"]
[WhiteElo "2080"]
[BlackElo "2527"]
[PlyCount "63"]
[EventDate "2008.08.??"]
[EventType "swiss"]
[EventRounds "13"]
[EventCountry "TUR"]

1. e4 e5 2. Qh5 Nc6 3. Bc4 g6 4. Qf3 Nf6 5. Ne2 Bg7 6. Nbc3 O-O 7. d3 Nd4 8.
Nxd4 exd4 9. Ne2 d5 10. exd5 Bg4 11. Qg3 Re8 12. f3 Bf5 13. Kf2 h6 14. h4 Nxd5
15. Bd2 Ne3 16. Bb3 c5 17. Bxe3 Rxe3 18. Kf1 b5 19. Rd1 Qe7 20. Qf2 c4 21. dxc4
bxc4 22. Bxc4 Rc8 23. b3 Bxc2 24. Rd2 d3 25. Nf4 Re8 26. g3 Bd4 27. Kg2 Re4 28.
Qf1 Rxf4 29. gxf4 Be3 30. Rxd3 Bxd3 31. Qxd3 Bxf4 32. Qxg6+ 1/2-1/2

[Event "World Junior Chess Championship U18 b"]
[Site "Gaziantep"]
[Date "2008.08.05"]
[Round "4.24"]
[White "Hammer, Jon Ludvig"]
[Black "Kore, Akshayraj"]
[Result "1/2-1/2"]
[WhiteElo "2494"]
[BlackElo "2392"]
[PlyCount "66"]
[EventDate "2008.08.??"]
[EventType "swiss"]
[EventRounds "13"]
[EventCountry "TUR"]

1. e4 c5 2. Nf3 Nc6 3. Bb5 g6 4. Bxc6 bxc6 5. O-O Bg7 6. Re1 Nh6 7. c3 O-O 8.
d4 cxd4 9. cxd4 d6 10. h3 f6 11. b3 Nf7 12. Bb2 Bd7 13. Nc3 Qa5 14. Nd2 Rad8
15. Nc4 Qg5 16. Qd2 Qh4 17. f3 f5 18. e5 dxe5 19. Nxe5 c5 20. Nd5 Nxe5 21. dxe5
Be6 22. Qf4 Qxf4 23. Nxf4 Kf7 24. Ba3 Rc8 25. Nxe6 Kxe6 26. Rac1 Kd5 27. Red1+
Ke6 28. Rxc5 Rxc5 29. Bxc5 Bxe5 30. Bxa7 Ra8 31. Bc5 Rxa2 32. Re1 Ra1 33. Kf1
Rxe1+ 1/2-1/2

[Event "World Junior Chess Championship U18 b"]
[Site "Gaziantep"]
[Date "2008.08.05"]
[Round "4.25"]
[White "Alvarez Ramirez, Miguel Angel"]
[Black "Wen, Yang"]
[Result "0-1"]
[WhiteElo "2194"]
[BlackElo "2487"]
[PlyCount "106"]
[EventDate "2008.08.??"]
[EventType "swiss"]
[EventRounds "13"]
[EventCountry "TUR"]

1. d4 Nf6 2. c4 e6 3. Nf3 c5 4. Nc3 cxd4 5. Nxd4 Bb4 6. g3 O-O 7. Bg2 d5 8.
cxd5 Nxd5 9. Bd2 Nxc3 10. bxc3 Bc5 11. Nb3 Be7 12. Bf4 Nd7 13. O-O e5 14. Be3
Qc7 15. Qc2 Nf6 16. c4 Be6 17. c5 Rad8 18. Rac1 Bd5 19. f3 Bc6 20. Bd2 Rc8 21.
Bh3 Bd7 22. Bxd7 Nxd7 23. Be3 Rfd8 24. Qe4 Nb8 25. Rfd1 Nc6 26. Kg2 Bf8 27. g4
Rd7 28. Rxd7 Qxd7 29. Rc2 Qe6 30. Rd2 Rc7 31. Qd5 Qxd5 32. Rxd5 f6 33. Bf2 Kf7
34. e4 Nb4 35. Rd2 Ke6 36. Na5 Na6 37. Rb2 Nxc5 38. Rc2 b6 39. Nb3 Kd7 40. Rd2+
Kc6 41. Bxc5 Bxc5 42. a4 Rd7 43. Rxd7 Kxd7 44. a5 Kc6 45. axb6 Bxb6 46. Kf1 Kb5
47. Ke2 Kc4 48. Nc1 Kc3 49. Na2+ Kb2 50. Nb4 a5 51. Na6 Bd4 52. Kd1 Kb3 53. Nc7
a4 0-1

[Event "World Junior Chess Championship U18 b"]
[Site "Gaziantep"]
[Date "2008.08.05"]
[Round "4.26"]
[White "Borus, Denes"]
[Black "Abdulov, Orkhan"]
[Result "1-0"]
[WhiteElo "2472"]
[BlackElo "2318"]
[PlyCount "61"]
[EventDate "2008.08.??"]
[EventType "swiss"]
[EventRounds "13"]
[EventCountry "TUR"]

1. e4 c5 2. Nf3 Nc6 3. c3 d5 4. exd5 Qxd5 5. d4 Bg4 6. Be2 e6 7. h3 Bh5 8. c4
Qd6 9. d5 Bxf3 10. Bxf3 Nd4 11. Nc3 Be7 12. O-O Nf6 13. dxe6 fxe6 14. Bxb7 Rd8
15. Ne4 Qc7 16. Nxf6+ gxf6 17. Bf3 Rg8 18. Bh5+ Kd7 19. Be3 Qc6 20. g3 Kc8 21.
Bxd4 cxd4 22. Qe2 Rg5 23. Bf3 Qa6 24. Rfe1 Re5 25. Qc2 Rxe1+ 26. Rxe1 f5 27.
Bd5 exd5 28. Rxe7 Kb8 29. Rf7 Qe6 30. Qxf5 Qxf5 31. Rxf5 1-0

[Event "World Junior Chess Championship U18 b"]
[Site "Gaziantep"]
[Date "2008.08.05"]
[Round "4.27"]
[White "Sjugirov, Sanan"]
[Black "Caspi, Israel"]
[Result "1/2-1/2"]
[WhiteElo "2545"]
[BlackElo "2412"]
[PlyCount "68"]
[EventDate "2008.08.??"]
[EventType "swiss"]
[EventRounds "13"]
[EventCountry "TUR"]

1. e4 d5 2. exd5 Qxd5 3. Nc3 Qd6 4. d4 Nf6 5. Nf3 c6 6. g3 Bg4 7. Bg2 e6 8. h3
Bxf3 9. Bxf3 Qc7 10. Bf4 Qd8 11. O-O Be7 12. Na4 O-O 13. Nc5 Qb6 14. a4 Rd8 15.
a5 Qxb2 16. Rb1 Qxd4 17. Nxb7 Qxd1 18. Rfxd1 Rxd1+ 19. Rxd1 Na6 20. Bxc6 Rc8
21. Bg2 Nb4 22. Bd6 Kf8 23. Rb1 Nfd5 24. Bf1 Rxc2 25. a6 Bxd6 26. Nxd6 Rc6 27.
Ne4 Ke7 28. Ng5 Rb6 29. Nf3 Kd6 30. Nd4 Kc7 31. Nb5+ Kb8 32. Nd4 Kc7 33. Nb5+
Kb8 34. Na3 Kc7 1/2-1/2

[Event "World Junior Chess Championship U18 b"]
[Site "Gaziantep"]
[Date "2008.08.05"]
[Round "4.28"]
[White "Papadopoulos, Ioannis"]
[Black "Yashkin, Oleg"]
[Result "1/2-1/2"]
[WhiteElo "2490"]
[BlackElo "2307"]
[PlyCount "110"]
[EventDate "2008.08.??"]
[EventType "swiss"]
[EventRounds "13"]
[EventCountry "TUR"]

1. e4 c5 2. Nf3 d6 3. d4 cxd4 4. Nxd4 Nf6 5. Nc3 e6 6. g4 h6 7. h4 Nc6 8. Rg1
h5 9. gxh5 Nxh5 10. Bg5 Nf6 11. Qd2 Be7 12. O-O-O a6 13. f4 Qc7 14. Nxc6 bxc6
15. e5 dxe5 16. fxe5 Qxe5 17. Bg2 Qc7 18. Ne4 Bb7 19. Rdf1 Qe5 20. Nxf6+ gxf6
21. Bf4 Qb5 22. Bc7 Rc8 23. Ba5 c5 24. Bc3 Rd8 25. Qf2 Bxg2 26. Rxg2 Qc4 27.
Bxf6 Qxa2 28. b3 c4 29. Bb2 Rf8 30. Rg8 Rxg8 31. Qxf7+ Kd7 32. Rd1+ Kc6 33.
Qxe6+ Bd6 34. Rxd6+ Rxd6 35. Qxc4+ Kb7 36. Qxg8 Qa5 37. Qf7+ Kc8 38. Qc4+ Kb7
39. Bd4 Qd5 40. Qb4+ Kc7 41. Bc3 Re6 42. Kb2 Re2 43. Qg4 Qe4 44. Ba5+ Kb8 45.
Qg8+ Qe8 46. Qc4 Qe5+ 47. Bc3 Qe4 48. Qxe4 Rxe4 49. Bf6 Re6 50. Bg5 Kb7 51. Kc3
Re4 52. b4 Kc6 53. Kb3 Kb5 54. c3 Rg4 55. Bd8 Rg3 1/2-1/2

[Event "World Junior Chess Championship U18 b"]
[Site "Gaziantep"]
[Date "2008.08.05"]
[Round "4.29"]
[White "Dragicevic, Drazen"]
[Black "Swiercz, Dariusz"]
[Result "0-1"]
[WhiteElo "2302"]
[BlackElo "2456"]
[PlyCount "108"]
[EventDate "2008.08.??"]
[EventType "swiss"]
[EventRounds "13"]
[EventCountry "TUR"]

1. c4 f5 2. Nc3 Nf6 3. d4 g6 4. g3 Bg7 5. Bg2 O-O 6. e3 d6 7. Nge2 e5 8. O-O
Qe7 9. Rb1 e4 10. b4 g5 11. Qb3 Qf7 12. f3 exf3 13. Bxf3 Nc6 14. Nd5 Kh8 15. b5
Nd8 16. Nxf6 Qxf6 17. Bd2 Qg6 18. Kh1 a6 19. a4 axb5 20. cxb5 c6 21. bxc6 bxc6
22. d5 c5 23. Bc3 Ba6 24. Rf2 Nf7 25. Bxg7+ Qxg7 26. Bg2 Ne5 27. Ng1 Bd3 28.
Rd1 c4 29. Qb6 Ng4 30. Rf3 Be4 31. Rc1 Bxf3 32. Nxf3 Rxa4 33. Qxd6 Ra1 34.
Qxf8+ Qxf8 35. Rxa1 Nxe3 36. Nxg5 Nxg2 37. Ne6 Qb8 38. d6 Ne3 39. Kg1 Nc2 40.
Ra4 Qb6+ 41. Kf1 Ne3+ 42. Ke2 Qb2+ 43. Kf3 Qg2+ 44. Kxe3 Qe4+ 45. Kd2 c3+ 46.
Kxc3 Qxa4 47. Nf4 Qc6+ 48. Kd4 Qxd6+ 49. Ke3 Kg7 50. Kf3 Qa3+ 51. Kg2 Kf6 52.
h4 Ke5 53. h5 Ke4 54. Kh3 Qf3 0-1

[Event "World Junior Chess Championship U18 b"]
[Site "Gaziantep"]
[Date "2008.08.05"]
[Round "4.30"]
[White "Nukin, Askhat"]
[Black "Georgescu, Tiberiu"]
[Result "0-1"]
[WhiteElo "2244"]
[BlackElo "2442"]
[PlyCount "50"]
[EventDate "2008.08.??"]
[EventType "swiss"]
[EventRounds "13"]
[EventCountry "TUR"]

1. e4 c5 2. Nf3 d6 3. d4 cxd4 4. Nxd4 Nf6 5. Nc3 g6 6. f4 Bg7 7. e5 Nh5 8. Bb5+
Bd7 9. e6 fxe6 10. Nxe6 Bxc3+ 11. bxc3 Qc8 12. Bxd7+ Kxd7 13. Ng5 Qxc3+ 14. Bd2
Qc4 15. Rb1 b6 16. Rb4 Qd5 17. Qg4+ Qf5 18. Qf3 Nc6 19. Rc4 Rac8 20. O-O h6 21.
Ne4 d5 22. Qd3 Kc7 23. Qe2 dxc4 24. g4 Qd5 25. gxh5 gxh5 0-1

[Event "World Junior Chess Championship U18 b"]
[Site "Gaziantep"]
[Date "2008.08.05"]
[Round "4.31"]
[White "Baratosi, Daniel"]
[Black "Mijovic, Stefan"]
[Result "1-0"]
[WhiteElo "2433"]
[BlackElo "2289"]
[PlyCount "107"]
[EventDate "2008.08.??"]
[EventType "swiss"]
[EventRounds "13"]
[EventCountry "TUR"]

1. e4 c5 2. c3 d5 3. exd5 Qxd5 4. d4 Nf6 5. Nf3 Bg4 6. dxc5 Qxc5 7. Na3 Nbd7 8.
h3 Bh5 9. Be3 Qc8 10. g4 Bg6 11. g5 Ne4 12. Bb5 a6 13. Bxd7+ Qxd7 14. Qxd7+
Kxd7 15. Nc4 Ke8 16. O-O-O Bh5 17. Nb6 Rb8 18. Bf4 Bxf3 19. Bxb8 Bxh1 20. Rxh1
Nxf2 21. Rh2 Ne4 22. h4 e6 23. Re2 Bd6 24. Bxd6 Nxd6 25. c4 Ke7 26. h5 Rd8 27.
Kc2 Nf5 28. Kc3 Ng3 29. Re5 f6 30. gxf6+ Kxf6 31. Re1 Nxh5 32. Na4 Rc8 33. b4
Nf4 34. Nc5 Rc7 35. Ne4+ Kf5 36. Nd6+ Kg4 37. Kd4 h5 38. Rg1+ Kh4 39. Ke5 g5
40. c5 Nh3 41. Rc1 Kg4 42. Nxb7 Rxb7 43. c6 Rc7 44. Kd6 Rc8 45. Kd7 Rh8 46. c7
Nf2 47. a4 Nd3 48. Rc4+ Kf3 49. Rc3 Ke2 50. b5 axb5 51. axb5 h4 52. b6 Ne5+ 53.
Kd6 Kd2 54. Kxe5 1-0

[Event "World Junior Chess Championship U18 b"]
[Site "Gaziantep"]
[Date "2008.08.05"]
[Round "4.32"]
[White "Acarbay, Aydin"]
[Black "Vocaturo, Daniele"]
[Result "0-1"]
[WhiteElo "1825"]
[BlackElo "2417"]
[PlyCount "76"]
[EventDate "2008.08.??"]
[EventType "swiss"]
[EventRounds "13"]
[EventCountry "TUR"]

1. d4 Nf6 2. c4 Nc6 3. Nf3 e6 4. a3 d6 5. Nc3 g6 6. g3 Bg7 7. Bg2 O-O 8. O-O
Re8 9. e4 a6 10. Re1 e5 11. d5 Nd4 12. h3 c5 13. Be3 h6 14. Nd2 Nd7 15. Bxd4
exd4 16. Ne2 b5 17. Nc1 Nb6 18. Qc2 Bd7 19. cxb5 axb5 20. Nd3 c4 21. Nb4 d3 22.
Qc1 Na4 23. Rb1 c3 24. bxc3 Nxc3 25. Nxd3 Nxb1 26. Nxb1 Qb6 27. Nb4 Rec8 28.
Qf4 g5 29. Qf3 Qd4 30. e5 Bxe5 31. Nc6 Bxc6 32. dxc6 Re8 33. Rd1 Qc5 34. Rd5
Qxc6 35. Qf5 Qc8 36. Qf3 b4 37. Kh2 Qc2 38. Nd2 bxa3 0-1

[Event "World Junior Chess Championship U18 b"]
[Site "Gaziantep"]
[Date "2008.08.05"]
[Round "4.33"]
[White "McPhillips, Karl"]
[Black "Durarbeyli, Vasif"]
[Result "1/2-1/2"]
[WhiteElo "2221"]
[BlackElo "2413"]
[PlyCount "94"]
[EventDate "2008.08.??"]
[EventType "swiss"]
[EventRounds "13"]
[EventCountry "TUR"]

1. d4 Nf6 2. c4 e6 3. Nf3 b6 4. e3 Bb7 5. Bd3 d5 6. b3 Bd6 7. cxd5 exd5 8. Bb2
Nbd7 9. Nc3 a6 10. O-O O-O 11. Rc1 Qe7 12. Ne2 Ne4 13. Ng3 f5 14. Rc2 g6 15.
Qe2 h5 16. Rfc1 h4 17. Nf1 Rfc8 18. Ne1 Ndf6 19. f3 Re8 20. fxe4 fxe4 21. Nf3
exd3 22. Qxd3 Ne4 23. Ne5 Bc8 24. Nd2 Bf5 25. Qe2 Nxd2 26. Rxd2 Be4 27. Rf1 Rf8
28. Rf4 Bxe5 29. dxe5 Rxf4 30. exf4 Rf8 31. Qg4 Qb4 32. Rd1 Qc5+ 33. Bd4 Qc2
34. e6 Bf5 35. Qf3 Be4 36. Qg4 Re8 37. Re1 c5 38. Bf6 Kf8 39. f5 Qd2 40. Bg7+
Kg8 41. Bc3 Bxf5 42. Qxg6+ Bxg6 43. Bxd2 Be4 44. Bg5 h3 45. gxh3 Rxe6 46. h4
Kg7 47. h5 Bf5 1/2-1/2

[Event "World Junior Chess Championship U18 b"]
[Site "Gaziantep"]
[Date "2008.08.05"]
[Round "4.34"]
[White "Karthikeyan, Pandian"]
[Black "Vavric, Pavel"]
[Result "1-0"]
[WhiteElo "2402"]
[BlackElo "2218"]
[PlyCount "107"]
[EventDate "2008.08.??"]
[EventType "swiss"]
[EventRounds "13"]
[EventCountry "TUR"]

1. d4 Nf6 2. c4 g6 3. Nc3 Bg7 4. e4 d6 5. f3 O-O 6. Be3 e5 7. Nge2 Nc6 8. d5
Ne7 9. g4 h5 10. h3 Kh8 11. Qd2 Nh7 12. gxh5 gxh5 13. Ng3 f5 14. Bf2 Ng8 15.
Nxf5 Bxf5 16. exf5 Rxf5 17. h4 Rxf3 18. Qe2 Qf8 19. Bg2 Rf5 20. Be4 Rf4 21. Be3
Rg4 22. Bf3 Rg3 23. Rf1 Ngf6 24. Qh2 Rxf3 25. Rxf3 Qe8 26. Qc2 Ng4 27. Bg5 Nhf6
28. Qf5 e4 29. Rf1 e3 30. Ke2 a6 31. Rf3 b5 32. Bxf6 Bxf6 33. Ne4 Qe5 34. Qxe5
Bxe5 35. Rf5 Nh6 36. Rxh5 Kh7 37. c5 Bxb2 38. Rf1 dxc5 39. Nf6+ Kg7 40. Rg5+
Kh8 41. Rg6 Ng8 42. Nxg8 Rxg8 43. Rh6+ Kg7 44. Rc6 Be5 45. Rg1+ Kf8 46. Rxg8+
Kxg8 47. Rxc5 Bd6 48. Rc6 a5 49. Kxe3 Kf7 50. Ra6 a4 51. Ra5 b4 52. Rxa4 Kg6
53. Kd4 Kh5 54. Kc4 1-0

[Event "World Junior Chess Championship U18 b"]
[Site "Gaziantep"]
[Date "2008.08.05"]
[Round "4.35"]
[White "Enchev, Ivajlo"]
[Black "Oliver, Gareth"]
[Result "0-1"]
[WhiteElo "2367"]
[BlackElo "2196"]
[PlyCount "73"]
[EventDate "2008.08.??"]
[EventType "swiss"]
[EventRounds "13"]
[EventCountry "TUR"]

1. d4 Nf6 2. c4 g6 3. Nc3 Bg7 4. e4 d6 5. f3 O-O 6. Be3 Nc6 7. Nge2 a6 8. Qd2
Re8 9. Rc1 Bd7 10. Nd1 b5 11. c5 e6 12. g3 Kh8 13. Bg2 d5 14. e5 Ng8 15. Nf2 f6
16. exf6 Nxf6 17. f4 Qe7 18. O-O Rf8 19. Rcd1 Rae8 20. Nc1 Qd8 21. Ncd3 Ng8 22.
Ne5 Nge7 23. g4 Nxe5 24. fxe5 Ng8 25. Bg5 Qc8 26. Rc1 c6 27. Rc3 Rf7 28. Rh3
Ne7 29. Nd3 Ref8 30. Qe1 Rxf1+ 31. Bxf1 Rf7 32. Qh4 Bf8 33. Nf4 Kg8 34. Bd3 Qe8
35. Bf6 h6 36. Nxg6 Rxf6 37. Qxf6 0-1

[Event "World Junior Chess Championship U18 b"]
[Site "Gaziantep"]
[Date "2008.08.05"]
[Round "4.36"]
[White "Haridas, Pascua"]
[Black "Pacher, Milan"]
[Result "0-1"]
[WhiteElo "2174"]
[BlackElo "2361"]
[PlyCount "74"]
[EventDate "2008.08.??"]
[EventType "swiss"]
[EventRounds "13"]
[EventCountry "TUR"]

1. d4 Nf6 2. c4 g6 3. Nc3 d5 4. cxd5 Nxd5 5. e4 Nxc3 6. bxc3 Bg7 7. Qa4+ Nd7 8.
Nf3 O-O 9. Be2 c5 10. Qa3 cxd4 11. cxd4 Nb6 12. Bg5 Re8 13. h3 h6 14. Bf4 Be6
15. Rc1 Rc8 16. O-O a6 17. d5 Bd7 18. Qb4 e6 19. Be3 Na4 20. Rxc8 Qxc8 21. Rc1
Nc3 22. Kf1 exd5 23. exd5 Nxd5 24. Rxc8 Nxb4 25. Rc7 Bc6 26. Bc4 Nd5 27. Bxd5
Bxd5 28. a4 b5 29. axb5 axb5 30. Ke2 b4 31. Rd7 Ba2 32. Rb7 b3 33. Nd2 b2 34.
Kd3 Rd8+ 35. Kc2 Rc8+ 36. Kd3 Rc3+ 37. Ke4 Rc2 0-1

[Event "World Junior Chess Championship U18 b"]
[Site "Gaziantep"]
[Date "2008.08.05"]
[Round "4.37"]
[White "Kulakov, Viacheslav"]
[Black "Apaydin, Fethi"]
[Result "1-0"]
[WhiteElo "2360"]
[BlackElo "2187"]
[PlyCount "78"]
[EventDate "2008.08.??"]
[EventType "swiss"]
[EventRounds "13"]
[EventCountry "TUR"]

1. d4 Nf6 2. c4 g6 3. Nc3 Bg7 4. e4 d6 5. f4 c5 6. Nf3 cxd4 7. Nxd4 Nc6 8. Nxc6
bxc6 9. Be2 Rb8 10. O-O Rxb2 11. Bxb2 Qb6+ 12. Kh1 Qxb2 13. Qb3 Qd2 14. e5 dxe5
15. fxe5 Nd7 16. Rad1 Qe3 17. Rxd7 Kxd7 18. Bg4+ e6 19. Rd1+ Ke8 20. Qb8 Bxe5
21. Qxc8+ Ke7 22. Qd7+ Kf6 23. Rf1+ Kg5 24. Nd1 Qd4 25. Qe7+ Kxg4 26. Qxf7 Kh5
27. Qxe6 Rf8 28. Re1 Rf5 29. Ne3 Qd2 30. g4+ Kg5 31. h4+ Kf4 32. Ng2+ Kg3 33.
Re3+ Kxg4 34. Rxe5 Kg3 35. Re3+ Kf2 36. Qe4 Qd1+ 37. Re1 Rf3 38. Qe6 Qd3 39.
Kh2 Rf5 1-0

[Event "World Junior Chess Championship U18 b"]
[Site "Gaziantep"]
[Date "2008.08.05"]
[Round "4.38"]
[White "Vishnu, Prasanna Vasanthan"]
[Black "Hughes, Tyler B"]
[Result "0-1"]
[WhiteElo "2341"]
[BlackElo "2161"]
[PlyCount "86"]
[EventDate "2008.08.??"]
[EventType "swiss"]
[EventRounds "13"]
[EventCountry "TUR"]

1. e4 c5 2. Nf3 e6 3. d4 cxd4 4. Nxd4 a6 5. Bd3 Bc5 6. Nb3 Be7 7. Be3 d6 8.
N1d2 Nf6 9. f4 Nbd7 10. Qf3 Qc7 11. g4 h6 12. O-O-O b5 13. h4 h5 14. gxh5 Nxh5
15. Kb1 Bb7 16. Rhg1 Rc8 17. Qf2 e5 18. fxe5 dxe5 19. Rdf1 Ndf6 20. Rg5 g6 21.
Bb6 Qd6 22. Bc5 Rxc5 23. Nxc5 Qxc5 24. Qxc5 Bxc5 25. a4 Bd6 26. axb5 axb5 27.
Re1 Bc6 28. c4 Nf4 29. Bf1 Ne6 30. cxb5 Rxh4 31. Rg3 Nxe4 32. Nxe4 Bxe4+ 33.
Bd3 Bxd3+ 34. Rxd3 Ke7 35. Red1 Nd4 36. b6 Rh8 37. Re1 Kd7 38. Rf1 Ke6 39. Re1
Bc5 40. b7 Rb8 41. Rde3 Bd6 42. Rd3 Kd5 43. Rf1 Rxb7 0-1

[Event "World Junior Chess Championship U18 b"]
[Site "Gaziantep"]
[Date "2008.08.05"]
[Round "4.39"]
[White "Ertan, Can"]
[Black "Kjartansson, Gudmundur"]
[Result "1/2-1/2"]
[WhiteElo "2149"]
[BlackElo "2328"]
[PlyCount "115"]
[EventDate "2008.08.??"]
[EventType "swiss"]
[EventRounds "13"]
[EventCountry "TUR"]

1. e4 c6 2. d4 d5 3. e5 c5 4. dxc5 e6 5. Be3 Nh6 6. c3 Nd7 7. Bb5 Nf5 8. Bd4 a6
9. Bxd7+ Bxd7 10. Nf3 Nxd4 11. Qxd4 Rc8 12. b4 b6 13. cxb6 Rc4 14. Qd2 Re4+ 15.
Kf1 Bb5+ 16. Kg1 Qxb6 17. Na3 Ba4 18. Nc2 Be7 19. g3 f6 20. exf6 Bxf6 21. Kg2
O-O 22. Rhe1 Bc6 23. Nfd4 Bb7 24. Kg1 Rxe1+ 25. Rxe1 e5 26. Nb3 d4 27. Nc5 Ba8
28. Qd3 Qc6 29. Ne4 dxc3 30. f3 Be7 31. Re3 Rd8 32. Qxc3 Rd1+ 33. Kg2 Qb5 34.
Re1 Rxe1 35. Nxe1 Bxe4 36. fxe4 Qe2+ 37. Kh3 Qxe4 38. a3 g5 39. g4 h5 40. gxh5
g4+ 41. Kg3 Kg7 42. Qd2 Qf5 43. h6+ Kg6 44. Qe2 Bg5 45. Ng2 Kxh6 46. Qf2 Qc8
47. Qe2 Qc3+ 48. Kxg4 Qxa3 49. Qc4 Bf6 50. Qf7 Qxb4+ 51. Kf5 Qb1+ 52. Kxf6 Qf1+
53. Ke6 Qxf7+ 54. Kxf7 a5 55. Kf6 a4 56. Kxe5 a3 57. Ne3 a2 58. Nc2 1/2-1/2

[Event "World Junior Chess Championship U18 b"]
[Site "Gaziantep"]
[Date "2008.08.05"]
[Round "4.40"]
[White "Djuraev, Sokhib"]
[Black "Ilic, Slavisa"]
[Result "1-0"]
[WhiteElo "2324"]
[BlackElo "2081"]
[PlyCount "55"]
[EventDate "2008.08.??"]
[EventType "swiss"]
[EventRounds "13"]
[EventCountry "TUR"]

1. e4 Nf6 2. e5 Nd5 3. d4 d6 4. Nf3 g6 5. c4 Nb6 6. exd6 cxd6 7. Nc3 Bg7 8. Be2
O-O 9. O-O Nc6 10. Be3 Bg4 11. b3 e5 12. dxe5 dxe5 13. h3 e4 14. Nxe4 Bxf3 15.
Bxf3 Bxa1 16. Qxa1 Nd7 17. Bh6 Nce5 18. Rd1 f5 19. Nc5 Nxf3+ 20. gxf3 Rf7 21.
Qd4 Qb6 22. Nxd7 Qxd4 23. Rxd4 Re7 24. f4 Kf7 25. Ne5+ Ke6 26. c5 Rc7 27. b4 a5
28. Bg5 1-0

[Event "World Junior Chess Championship U18 b"]
[Site "Gaziantep"]
[Date "2008.08.05"]
[Round "4.41"]
[White "Neimer, Vitaly"]
[Black "Deruni, Berc"]
[Result "1-0"]
[WhiteElo "2316"]
[BlackElo "2032"]
[PlyCount "81"]
[EventDate "2008.08.??"]
[EventType "swiss"]
[EventRounds "13"]
[EventCountry "TUR"]

1. e4 c5 2. Nc3 Nc6 3. g3 g6 4. Bg2 Bg7 5. d3 d6 6. Nh3 e6 7. Be3 Nge7 8. Qd2
Nd4 9. O-O O-O 10. Bh6 Rb8 11. Nd1 b5 12. Bxg7 Kxg7 13. c3 Ndc6 14. Ne3 f6 15.
f4 d5 16. exd5 exd5 17. d4 c4 18. f5 g5 19. g4 Qd6 20. Nf2 b4 21. Nh1 Bd7 22.
Rae1 Be8 23. Ng3 Bf7 24. Re2 Nc8 25. Nh5+ Kh8 26. h4 Bxh5 27. gxh5 gxh4 28.
Nxd5 h3 29. Bf3 Qg3+ 30. Kh1 bxc3 31. Qxc3 Nd6 32. Rg1 Nxf5 33. Rxg3 Nxg3+ 34.
Kh2 Nxe2 35. Bxe2 Rg8 36. Bf3 Rg5 37. Nxf6 Rf8 38. Nd7 Rff5 39. d5+ Ne5 40.
Nxe5 Rxe5 41. d6 1-0

[Event "World Junior Chess Championship U18 b"]
[Site "Gaziantep"]
[Date "2008.08.05"]
[Round "4.42"]
[White "Sirin, Atakan"]
[Black "Grover, Sahaj"]
[Result "1-0"]
[WhiteElo "2107"]
[BlackElo "2306"]
[PlyCount "81"]
[EventDate "2008.08.??"]
[EventType "swiss"]
[EventRounds "13"]
[EventCountry "TUR"]

1. d4 Nf6 2. Nc3 d5 3. Bg5 Nbd7 4. Qd3 h6 5. Bh4 c5 6. O-O-O cxd4 7. Bxf6 dxc3
8. Bxc3 e6 9. f3 Nc5 10. Qd4 Bd7 11. e4 dxe4 12. b4 Na4 13. Ba1 Qg5+ 14. Kb1
O-O-O 15. b5 Nc5 16. fxe4 Be7 17. Nf3 Qf4 18. e5 Bxb5 19. Bxb5 Rxd4 20. Rxd4
Qe3 21. Rhd1 Kb8 22. Bb2 a6 23. Bf1 Rc8 24. Bc1 Qc3 25. Bd2 Qa3 26. Bb4 Qe3 27.
Re1 Qf2 28. Rd2 Qxe1+ 29. Nxe1 Ne4 30. Rd4 Bxb4 31. Rxe4 Bc3 32. Nd3 Rc6 33.
Kc1 f5 34. exf6 gxf6 35. g4 e5 36. Bg2 Rc8 37. h3 h5 38. Kd1 hxg4 39. hxg4 Rg8
40. Bf3 Rh8 41. Nc5 1-0

[Event "World Junior Chess Championship U18 b"]
[Site "Gaziantep"]
[Date "2008.08.05"]
[Round "4.43"]
[White "Aydogdu, Ataman"]
[Black "Plenca, Julijan"]
[Result "1-0"]
[WhiteElo "2050"]
[BlackElo "2295"]
[PlyCount "67"]
[EventDate "2008.08.??"]
[EventType "swiss"]
[EventRounds "13"]
[EventCountry "TUR"]

1. d4 e6 2. c4 Nf6 3. Nf3 b6 4. a3 Bb7 5. Nc3 c5 6. d5 exd5 7. cxd5 d6 8. g3 g6
9. Bg2 Bg7 10. O-O O-O 11. Nd2 Re8 12. a4 Na6 13. Nc4 Nc7 14. Bf4 Bf8 15. a5 b5
16. a6 Bxa6 17. Rxa6 Nxa6 18. Nxb5 Ne4 19. f3 Qd7 20. fxe4 Qxb5 21. Nxd6 Bxd6
22. Bxd6 Qxb2 23. e3 Rad8 24. Qf3 Qg7 25. e5 Nb8 26. Bh3 Rxe5 27. Bxe5 Qxe5 28.
Qxf7+ Kh8 29. Be6 Qxe3+ 30. Kg2 Qg5 31. h4 Qe5 32. Qe7 Qe2+ 33. Rf2 Qe4+ 34.
Kh2 1-0

[Event "World Junior Chess Championship U18 b"]
[Site "Gaziantep"]
[Date "2008.08.05"]
[Round "4.44"]
[White "Martins, Vinicius Tine"]
[Black "Kobayashi, Atsuhiko"]
[Result "1-0"]
[WhiteElo "2292"]
[BlackElo "1936"]
[PlyCount "31"]
[EventDate "2008.08.??"]
[EventType "swiss"]
[EventRounds "13"]
[EventCountry "TUR"]

1. e4 e5 2. Nf3 Nc6 3. Bb5 a6 4. Ba4 Nf6 5. O-O b5 6. Bb3 Bc5 7. a4 Rb8 8. c3
d6 9. d4 Bb6 10. h3 Bb7 11. Re1 O-O 12. axb5 axb5 13. Na3 Re8 14. Bg5 h6 15.
Bxf6 Qxf6 16. Nxb5 1-0

[Event "World Junior Chess Championship U18 b"]
[Site "Gaziantep"]
[Date "2008.08.05"]
[Round "4.46"]
[White "Gurcan, Eray"]
[Black "Rzayev, Bahruz"]
[Result "0-1"]
[WhiteElo "1955"]
[BlackElo "2245"]
[PlyCount "80"]
[EventDate "2008.08.??"]
[EventType "swiss"]
[EventRounds "13"]
[EventCountry "TUR"]

1. e4 c5 2. Nf3 Nc6 3. d4 cxd4 4. Nxd4 Nf6 5. Nc3 e5 6. Ndb5 d6 7. Bg5 a6 8.
Na3 b5 9. Nd5 Be7 10. Bxf6 Bxf6 11. c4 Bg5 12. cxb5 Nd4 13. Nc3 O-O 14. Bd3 Bf4
15. Ne2 Qa5+ 16. Nc3 Qb4 17. Qb1 axb5 18. O-O Bd7 19. Nd5 Qd2 20. Nxf4 Qxf4 21.
Qc1 Qh4 22. Qe3 f5 23. exf5 Nxf5 24. Qe4 Qxe4 25. Bxe4 Rac8 26. Rac1 Nd4 27.
Kh1 Rxc1 28. Rxc1 Rxf2 29. Nc2 Nxc2 30. Bxc2 Bc6 31. Bb3+ Kf8 32. Kg1 Rxg2+ 33.
Kf1 Be4 34. Rc3 Ke7 35. Rc7+ Kf6 36. Rd7 Rxh2 37. Rxd6+ Kg5 38. Re6 Kf4 39. Re7
g5 40. Rf7+ Ke3 0-1

[Event "World Junior Chess Championship U18 b"]
[Site "Gaziantep"]
[Date "2008.08.05"]
[Round "4.48"]
[White "Ozdover, Mustafa Berkay"]
[Black "Anton, Teodor"]
[Result "0-1"]
[WhiteElo "1768"]
[BlackElo "2353"]
[PlyCount "104"]
[EventDate "2008.08.??"]
[EventType "swiss"]
[EventRounds "13"]
[EventCountry "TUR"]

1. f4 e5 2. e4 Nc6 3. Nf3 f5 4. d3 d6 5. Be2 Nf6 6. Nc3 Be6 7. Ng5 Bd7 8. O-O
Qe7 9. fxe5 dxe5 10. exf5 O-O-O 11. Bh5 Nxh5 12. Qxh5 Nd4 13. Qd1 Bxf5 14. Be3
h6 15. Nge4 Qe6 16. Qd2 Be7 17. Rae1 Bg6 18. Ng3 Nc6 19. a3 Bh4 20. Bf2 Be7 21.
b4 h5 22. Nge4 h4 23. h3 Nd4 24. Ne2 Qc6 25. c4 Ne6 26. Qc2 a6 27. Rd1 Rh5 28.
Be3 Bxe4 29. dxe4 Rxd1 30. Rxd1 Bg5 31. Bxg5 Rxg5 32. c5 Qe8 33. Rd5 Qg6 34.
Nc3 Nf4 35. Rd2 Nxh3+ 36. Kh2 Nf4 37. Nd5 Nxd5 38. Rxd5 Qf6 39. Qd2 c6 40. Rd3
Qf4+ 41. Qxf4 exf4 42. Rf3 Rg4 43. Kh3 Rg3+ 44. Kxh4 g5+ 45. Kh5 Rxg2 46. Kg6
Kd7 47. Kf6 Rg3 48. Rf1 f3 49. e5 g4 50. e6+ Ke8 51. Rd1 f2 52. e7 f1=Q+ 0-1